Listy

Bibliographic Details
Format: Serial
Language:Slovak
PhysicalDescription:zv. 30 cm
Na webstránke dostupné iba Listy z r.2007, 2008, 2015
Published: Dubodiel Obecný úrad 1996-
ISSN:1339-9209
Subjects:
Online Access:http://www.dubodiel.sk/obecne-noviny.html

MARC

LEADER 00000cas a2200000 a 4500
001 vtls010689526
003 SK-MaSNL
005 20260228163502.0
008 150630c19969999xo fr 0 b0slo
022 |a 1339-9209 
040 |a SNK  |b slo  |c SNK  |e AACR2 
041 0 |a slo 
044 |a xo  |c SK 
072 7 |a 316  |x Sociológia  |2 konspekt 
072 7 |a 35  |x Verejná správa  |2 konspekt 
080 |a 316.728  |2 2011 
080 |a (051)+(054)  |2 2011 
080 |a (437.6)  |2 2011 
080 |a 35  |2 2011 
210 0 |a Listy  |b (Dubodiel) 
222 0 |a Listy  |b (Dubodiel) 
245 0 0 |a Listy 
246 3 2 |a Listy (Dubodiel) 
260 |a Dubodiel  |b Obecný úrad  |c 1996- 
300 |a zv.  |c 30 cm 
310 |a 2x ročne  |b 2015- 
321 |a Nepravidelne  |b 1996-2014 
362 0 |a Roč. 1 (1996)- 
500 |a Evidenčné č. MK SR: 5191/15 
500 |a Evidenčné č. MK SR: 01-456/96RK 
530 |a Na webstránke dostupné iba Listy z r.2007, 2008, 2015 
650 0 7 |a verejný život  |2 SNKPH  |9 265932 
650 0 7 |a spoločenský život  |2 SNKPH  |9 28654 
651 7 |a Dubodiel (Slovensko)  |2 SNKPH  |9 68653 
655 7 |a miestne periodiká  |2 SNKPH  |9 160938 
856 4 1 |u http://www.dubodiel.sk/obecne-noviny.html 
910 |a snk 
916 |a 2015-2016 
999 |c 9543  |d 11473 
952 |0 0  |1 0  |4 0  |7 0  |8 0  |a SNK  |b SNK  |d 2017-03-16  |f 1  |i snk2017/6976  |l 0  |o snkČSB 6369/11/2016  |p 17A1148394  |r 2026-02-21 20:08:44  |t č. 1-2  |w 2026-02-21  |y PREZ 
952 |0 0  |1 0  |4 0  |7 0  |8 0  |a SNK  |b SNK  |d 2021-09-29  |i snk2021/14078  |l 0  |o snkČSB 6369/12/2017  |p 17A1435942  |r 2026-02-21 21:39:47  |t č. 1-2  |w 2026-02-21  |y PREZ 
952 |0 0  |1 0  |4 0  |7 0  |8 0  |a SNK  |b SNK  |d 2021-09-29  |i snk2021/14079  |l 0  |o snkČSB 6369/13/2018  |p 17A1435941  |r 2026-02-21 21:39:47  |t č. 1-2  |w 2026-02-21  |y PREZ 
952 |0 0  |1 0  |4 0  |7 0  |8 0  |a SNK  |b SNK  |d 2021-09-29  |i snk2021/14090  |l 0  |o snkČSB 6369/19/2019  |p 17A1435943  |r 2026-02-21 21:39:50  |t č. 1-2  |w 2026-02-21  |y PREZ 
952 |0 0  |1 0  |4 0  |7 0  |8 0  |a SNK  |b SNK  |d 2021-09-29  |i snk2021/14092  |l 0  |o snkČSB 6369/20/2020  |p 17A1435944  |r 2026-02-21 21:39:50  |t č. 1-2  |w 2026-02-21  |y PREZ 
952 |0 0  |1 0  |4 0  |7 0  |8 0  |a SNK  |b SNK  |d 2017-03-16  |f 1  |i snk2017/6973  |l 0  |o snkČSB 6369/10/2015  |p 17A1148393  |r 2026-02-21 22:03:52  |t č. 1-2  |w 2026-02-21  |y PREZ